[Event "Portugal Open 2018"]
[Site "Lisboa POR"]
[Date "2018.02.09"]
[Round "9.20"]
[White "Ferrante, Marco"]
[Black "Savanovic, Aleksandar"]
[Result "1-0"]
[BlackElo "2448"]
[WhiteElo "2267"]
[LiveChessVersion "1.4.8"]

1. e4 {[%clk 1:30:57]} e5 {[%clk 1:30:44]} 2. Nf3 {[%clk 1:31:23]} Nc6
{[%clk 1:31:09]} 3. d4 {[%clk 1:31:49]} exd4 {[%clk 1:31:18]} 4. Bc4
{[%clk 1:32:14]} Bc5 {[%clk 1:31:36]} 5. c3 {[%clk 1:32:38]} Nf6 {[%clk 1:31:39]}
6. e5 {[%clk 1:33:03]} d5 {[%clk 1:31:51]} 7. Bb5 {[%clk 1:33:27]} Ne4
{[%clk 1:32:16]} 8. cxd4 {[%clk 1:33:54]} Bb6 {[%clk 1:32:41]} 9. Nc3
{[%clk 1:34:12]} O-O {[%clk 1:32:48]} 10. Be3 {[%clk 1:34:36]} f5
{[%clk 1:30:41]} 11. exf6 {[%clk 1:34:00]} Nxf6 {[%clk 1:30:00]} 12. Bxc6
{[%clk 1:32:10]} bxc6 {[%clk 1:30:23]} 13. Ne5 {[%clk 1:32:37]} Qd6
{[%clk 1:12:53]} 14. O-O {[%clk 1:32:20]} Ba6 {[%clk 0:40:26]} 15. Re1
{[%clk 1:31:19]} Rae8 {[%clk 0:31:01]} 16. Rc1 {[%clk 1:23:18]} c5
{[%clk 0:30:06]} 17. dxc5 {[%clk 1:23:43]} Qxe5 {[%clk 0:29:57]} 18. cxb6
{[%clk 1:24:00]} axb6 {[%clk 0:29:53]} 19. Bd4 {[%clk 1:22:56]} Qxe1+
{[%clk 0:17:16]} 20. Qxe1 {[%clk 1:23:11]} Rxe1+ {[%clk 0:17:44]} 21. Rxe1
{[%clk 1:23:29]} Rd8 {[%clk 0:12:57]} 22. b4 {[%clk 1:12:40]} Bc4
{[%clk 0:10:13]} 23. f3 {[%clk 1:07:00]} Kf7 {[%clk 0:10:36]} 24. a4
{[%clk 0:56:55]} Nd7 {[%clk 0:09:16]} 25. Nb5 Bxb5 {[%clk 0:09:39]} 26. axb5
{[%clk 0:50:35]} Nf8 {[%clk 0:09:58]} 27. Rc1 {[%clk 0:50:24]} Ne6
{[%clk 0:09:55]} 28. Be5 {[%clk 0:50:51]} d4 {[%clk 0:06:10]} 29. Bxc7
{[%clk 0:51:13]} Rc8 {[%clk 0:05:45]} 30. Bf4 {[%clk 0:51:39]} Rxc1+
{[%clk 0:04:57]} 31. Bxc1 {[%clk 0:52:07]} Nc7 {[%clk 0:04:21]} 32. Bb2
{[%clk 0:52:14]} Nxb5 {[%clk 0:04:48]} 33. Kf2 {[%clk 0:52:38]} Ke6
{[%clk 0:05:06]} 34. Ke2 {[%clk 0:53:04]} Kd5 {[%clk 0:05:24]} 35. Kd3
{[%clk 0:53:30]} g6 {[%clk 0:05:47]} 36. f4 {[%clk 0:28:55]} h5 {[%clk 0:02:59]}
37. g3 {[%clk 0:29:10]} Nd6 {[%clk 0:01:32]} 38. Bxd4 {[%clk 0:29:30]} b5
{[%clk 0:02:00]} 39. Bf2 {[%clk 0:28:06]} Nf5 {[%clk 0:02:10]} 40. h3
{[%clk 0:27:54]} Nd6 {[%clk 0:02:14]} 41. Be1 {[%clk 0:27:36]} Ne4
{[%clk 0:02:23]} 42. Ke3 {[%clk 0:27:52]} Nf6 {[%clk 0:02:36]} 43. Kf3
{[%clk 0:27:59]} Kd4 {[%clk 0:02:44]} 44. g4 {[%clk 0:28:12]} hxg4+
{[%clk 0:03:12]} 45. hxg4 {[%clk 0:28:38]} Kd5 {[%clk 0:02:59]} 46. Bh4
{[%clk 0:27:21]} Ne4 {[%clk 0:03:22]} 47. Be7 {[%clk 0:27:41]} Nd2+
{[%clk 0:03:36]} 48. Ke3 {[%clk 0:27:31]} Nc4+ {[%clk 0:04:01]} 49. Kf3
{[%clk 0:22:28]} Nd2+ {[%clk 0:04:27]} 50. Ke2 {[%clk 0:22:53]} Nc4
{[%clk 0:04:52]} 51. f5 {[%clk 0:22:17]} gxf5 {[%clk 0:05:02]} 52. gxf5
{[%clk 0:22:45]} Ne5 {[%clk 0:03:48]} 53. Bf6 {[%clk 0:20:58]} Nc6
{[%clk 0:04:12]} 54. Bc3 {[%clk 0:21:24]} Nxb4 {[%clk 0:04:18]} 1-0

[Event "Portugal Open 2018"]
[Site "Lisboa POR"]
[Date "2018.02.09"]
[Round "9.21"]
[White "Froewis, Georg"]
[Black "Gorny, Michael"]
[Result "1-0"]
[BlackElo "1836"]
[WhiteElo "2428"]
[LiveChessVersion "1.4.8"]

1. Nf3 {[%clk 1:30:57]} Nf6 {[%clk 1:30:47]} 2. c4 {[%clk 1:31:25]} c5
{[%clk 1:30:18]} 3. Nc3 {[%clk 1:31:46]} Nc6 {[%clk 1:30:42]} 4. e3
{[%clk 1:31:57]} e6 {[%clk 1:29:51]} 5. d4 {[%clk 1:32:23]} d5 {[%clk 1:29:07]}
6. cxd5 {[%clk 1:32:43]} Nxd5 {[%clk 1:28:49]} 7. Bd3 {[%clk 1:33:08]} Be7
{[%clk 1:27:26]} 8. O-O {[%clk 1:33:32]} O-O {[%clk 1:27:06]} 9. a3
{[%clk 1:33:59]} cxd4 {[%clk 1:03:47]} 10. exd4 {[%clk 1:34:27]} b6
{[%clk 1:03:33]} 11. Re1 {[%clk 1:34:38]} Bb7 {[%clk 1:03:25]} 12. Bc2
{[%clk 1:35:03]} Bf6 {[%clk 0:59:52]} 13. Ne4 {[%clk 1:32:48]} Nce7
{[%clk 0:55:46]} 14. Qd3 {[%clk 1:31:05]} Ng6 {[%clk 0:55:42]} 15. h4
{[%clk 1:16:10]} Bxh4 {[%clk 0:49:44]} 16. Nxh4 {[%clk 1:16:26]} Qxh4
{[%clk 0:50:06]} 17. Bg5 {[%clk 1:16:40]} Ndf4 {[%clk 0:46:11]} 18. Qd2
{[%clk 1:15:30]} Qg4 {[%clk 0:31:28]} 19. f3 {[%clk 1:15:54]} Qf5
{[%clk 0:29:02]} 20. Nf6+ {[%clk 1:06:14]} Qxf6 {[%clk 0:26:28]} 21. Bxf6
{[%clk 1:06:37]} gxf6 {[%clk 0:26:49]} 22. Bxg6 {[%clk 1:03:18]} Nxg6
{[%clk 0:27:10]} 23. Rac1 {[%clk 1:03:38]} a5 {[%clk 0:24:55]} 24. Rc7
{[%clk 1:03:17]} Bd5 {[%clk 0:25:12]} 25. Kf2 {[%clk 1:03:30]} Rfc8
{[%clk 0:20:28]} 26. Rec1 {[%clk 1:03:54]} Rxc7 {[%clk 0:20:24]} 27. Rxc7
{[%clk 1:04:22]} b5 {[%clk 0:20:25]} 28. Rc5 {[%clk 1:04:22]} Bc4
{[%clk 0:20:36]} 29. a4 {[%clk 1:04:26]} Rb8 {[%clk 0:19:49]} 30. Qxa5
{[%clk 1:04:48]} 1-0

[Event "Portugal Open 2018"]
[Site "Lisboa POR"]
[Date "2018.02.09"]
[Round "9.22"]
[White "Bulmaga, Irina"]
[Black "Hill, Alistair"]
[Result "*"]
[BlackElo "2159"]
[WhiteElo "2411"]
[LiveChessVersion "1.4.8"]

1. e4 {[%clk 1:30:57]} e6 {[%clk 1:22:59]} 2. d3 {[%clk 1:30:15]} d5
{[%clk 1:23:23]} 3. Qe2 {[%clk 1:30:40]} Be7 {[%clk 1:23:49]} 4. Nf3
{[%clk 1:30:58]} Nf6 {[%clk 1:24:13]} 5. g3 {[%clk 1:31:13]} c5 {[%clk 1:24:34]}
6. Bg2 {[%clk 1:31:36]} O-O {[%clk 1:25:01]} 7. O-O {[%clk 1:31:43]} b5
{[%clk 1:25:29]} 8. e5 {[%clk 1:29:22]} Nfd7 {[%clk 1:25:54]} 9. h4
{[%clk 1:28:31]} Nc6 {[%clk 1:24:53]} 10. Re1 {[%clk 1:25:44]} a5
{[%clk 1:25:05]} 11. h5 {[%clk 1:21:45]} h6 {[%clk 1:24:46]} 12. Nbd2
{[%clk 1:21:31]} b4 {[%clk 1:24:59]} 13. Nf1 {[%clk 1:21:41]} Ba6
{[%clk 1:25:23]} 14. c3 {[%clk 1:17:59]} a4 {[%clk 1:18:01]} 15. a3
{[%clk 1:13:34]} Qa5 {[%clk 1:10:55]} 16. c4 {[%clk 0:50:48]} Nb6
{[%clk 1:03:11]} 17. Ne3 {[%clk 0:39:36]} dxc4 {[%clk 0:38:52]} 18. Nxc4
{[%clk 0:39:51]} Nxc4 {[%clk 0:39:14]} 19. dxc4 {[%clk 0:40:16]} Rad8
{[%clk 0:36:59]} 20. Bf4 {[%clk 0:32:30]} bxa3 {[%clk 0:35:18]} 21. bxa3
{[%clk 0:31:21]} Nd4 {[%clk 0:27:38]} 22. Nxd4 {[%clk 0:31:48]} Rxd4
{[%clk 0:28:05]} 23. Rec1 {[%clk 0:32:07]} Rfd8 {[%clk 0:27:42]} 24. Be3
{[%clk 0:32:11]} Rd3 {[%clk 0:26:12]} 25. Be4 {[%clk 0:30:25]} Rc3
{[%clk 0:24:01]} 26. Kh2 {[%clk 0:29:09]} Rxc1 {[%clk 0:22:47]} 27. Rxc1
{[%clk 0:29:34]} Qc7 {[%clk 0:21:19]} 28. Bf4 {[%clk 0:18:57]} Rd4
{[%clk 0:16:01]} 29. Bb1 {[%clk 0:18:40]} Bg5 {[%clk 0:16:30]} 30. Bxg5
{[%clk 0:16:57]} hxg5 {[%clk 0:16:58]} 31. Qc2 {[%clk 0:14:51]} Kf8
{[%clk 0:03:23]} 32. Re1 {[%clk 0:12:36]} Qc6 {[%clk 0:03:39]} 33. Re3
{[%clk 0:11:04]} Bb7 {[%clk 0:02:41]} 34. f3 {[%clk 0:11:27]} Qd7
{[%clk 0:03:09]} 35. Qh7 {[%clk 0:07:20]} Rd1 {[%clk 0:03:30]} 36. Rd3
{[%clk 0:05:42]} Rxd3 {[%clk 0:03:41]} 37. Bxd3 {[%clk 0:04:23]} Bxf3
{[%clk 0:02:54]} 38. h6 {[%clk 0:04:47]} gxh6 {[%clk 0:03:14]} 39. Qxh6+
{[%clk 0:04:55]} Ke8 {[%clk 0:03:32]} 40. Qh8+ {[%clk 0:05:22]} Ke7
{[%clk 0:03:07]} 41. Qf6+ {[%clk 0:05:50]} Ke8 {[%clk 0:03:33]} 42. Qxf3
{[%clk 0:06:13]} Qd4 {[%clk 0:04:02]} 43. Qe2 {[%clk 0:05:15]} Qa1
{[%clk 0:04:09]} 44. Be4 {[%clk 0:05:19]} Qxa3 {[%clk 0:04:30]} 45. Bc6+
{[%clk 0:05:03]} Kf8 {[%clk 0:04:59]} 46. Qd2 {[%clk 0:04:51]} g4
{[%clk 0:04:32]} 47. Qc2 {[%clk 0:01:55]} Qa1 {[%clk 0:04:35]} 48. Qxa4
{[%clk 0:02:02]} Qb2+ {[%clk 0:04:37]} 49. Bg2 {[%clk 0:02:27]} Qxe5
{[%clk 0:05:06]} 50. Qd1 {[%clk 0:02:33]} f5 {[%clk 0:04:55]} 51. Qd8+
{[%clk 0:02:38]} Kf7 {[%clk 0:05:11]} 52. Qd7+ {[%clk 0:03:02]} Kg6
{[%clk 0:05:07]} 53. Qe8+ {[%clk 0:02:57]} Kg7 {[%clk 0:05:35]} 54. Qe7+
{[%clk 0:03:10]} Kg6 {[%clk 0:06:01]} 55. Qf8 {[%clk 0:03:15]} Qe3
{[%clk 0:05:50]} 56. Qg8+ {[%clk 0:02:58]} Kf6 {[%clk 0:06:19]} 57. Qh8+
{[%clk 0:03:09]} Kg6 {[%clk 0:06:08]} 58. Qb2 {[%clk 0:03:26]} Qh6+
{[%clk 0:05:43]} 59. Kg1 {[%clk 0:03:55]} Qe3+ {[%clk 0:02:38]} 60. Qf2
{[%clk 0:04:24]} Qe5 {[%clk 0:03:02]} 61. Bc6 {[%clk 0:03:24]} Kf7
{[%clk 0:02:52]} 62. Kg2 {[%clk 0:03:27]} Qd6 {[%clk 0:03:11]} 63. Ba4
{[%clk 0:03:31]} Qe5 {[%clk 0:02:47]} 64. Bb5 {[%clk 0:03:50]} Ke7
{[%clk 0:02:54]} 65. Qd2 {[%clk 0:04:06]} Kf6 {[%clk 0:01:40]} 66. Kf2
{[%clk 0:03:56]} Kg7 {[%clk 0:01:30]} 67. Be8 {[%clk 0:03:36]} Kf8
{[%clk 0:01:26]} 68. Ba4 {[%clk 0:03:27]} Kg7 {[%clk 0:01:34]} 69. Bd1
{[%clk 0:03:23]} Kg6 {[%clk 0:01:43]} 70. Qe3 {[%clk 0:03:51]} Qd6
{[%clk 0:01:57]} 71. Bc2 {[%clk 0:04:00]} e5 {[%clk 0:02:12]} 72. Qd3
{[%clk 0:03:44]} Qe6 {[%clk 0:02:03]} 73. Qd5 {[%clk 0:03:30]} Qe7
{[%clk 0:02:05]} 74. Qg8+ {[%clk 0:03:26]} Kf6 {[%clk 0:02:33]} 75. Qh8+
{[%clk 0:03:00]} Kg6 {[%clk 0:03:02]} 76. Ba4 {[%clk 0:03:18]} Kf7
{[%clk 0:01:38]} 77. Bc6 {[%clk 0:03:18]} Ke6 {[%clk 0:01:22]} 78. Qh6+
{[%clk 0:02:52]} Qf6 {[%clk 0:01:50]} 79. Bd7+ {[%clk 0:03:08]} Ke7
{[%clk 0:02:18]} 80. Qh7+ {[%clk 0:03:32]} *

[Event "Portugal Open 2018"]
[Site "Lisboa POR"]
[Date "2018.02.09"]
[Round "9.23"]
[White "Fernandez Lledo, Javier"]
[Black "Fernandes, Antonio"]
[Result "1-0"]
[BlackElo "2443"]
[WhiteElo "2207"]
[LiveChessVersion "1.4.8"]

1. e4 {[%clk 1:30:57]} c5 {[%clk 1:09:52]} 2. Nf3 {[%clk 1:31:02]} d6
{[%clk 1:07:49]} 3. d4 {[%clk 1:31:28]} cxd4 {[%clk 1:08:16]} 4. Nxd4
{[%clk 1:31:53]} Nf6 {[%clk 1:08:42]} 5. Nc3 {[%clk 1:32:19]} a6 {[%clk 1:08:32]}
6. h3 {[%clk 1:32:43]} b5 {[%clk 1:07:10]} 7. g4 {[%clk 1:33:04]} Bb7
{[%clk 1:07:27]} 8. Bg2 {[%clk 1:33:27]} e6 {[%clk 0:48:45]} 9. g5
{[%clk 1:31:42]} Nfd7 {[%clk 0:48:41]} 10. O-O {[%clk 1:31:58]} Nc6
{[%clk 0:35:35]} 11. Nf5 {[%clk 1:23:14]} Nb6 {[%clk 0:29:33]} 12. Ng3
{[%clk 1:19:06]} g6 {[%clk 0:23:28]} 13. a4 {[%clk 1:15:41]} b4 {[%clk 0:23:30]}
14. Nd5 {[%clk 1:16:05]} exd5 {[%clk 0:21:22]} 15. exd5 {[%clk 1:16:26]} Ne7
{[%clk 0:21:04]} 16. Qd4 {[%clk 1:14:41]} Rg8 {[%clk 0:21:10]} 17. Ne4
{[%clk 1:14:38]} Bg7 {[%clk 0:18:38]} 18. Qxb4 {[%clk 1:12:27]} Bxd5
{[%clk 0:09:24]} 19. Nxd6+ {[%clk 1:06:42]} Kf8 {[%clk 0:09:38]} 20. Be3
{[%clk 1:04:47]} Rb8 {[%clk 0:06:17]} 21. Qf4 {[%clk 0:56:26]} Be6
{[%clk 0:06:45]} 22. Bc5 {[%clk 0:55:06]} Qc7 {[%clk 0:07:07]} 23. Rfe1
{[%clk 0:54:15]} Nbd5 {[%clk 0:04:03]} 24. Bxd5 {[%clk 0:53:33]} Nxd5
{[%clk 0:04:11]} 25. Nb5+ {[%clk 0:45:22]} Qxc5 {[%clk 0:04:20]} 26. Qxb8+
{[%clk 0:45:47]} Qc8 {[%clk 0:03:55]} 27. Qd6+ {[%clk 0:45:52]} Ke8
{[%clk 0:04:00]} 28. Qxd5 {[%clk 0:44:47]} Qd7 {[%clk 0:00:54]} 29. Qc5
{[%clk 0:43:33]} Qe7 {[%clk 0:00:31]} 30. Qc6+ {[%clk 0:39:30]} Kf8
{[%clk 0:00:50]} 31. Qa8+ {[%clk 0:39:33]} Qe8 {[%clk 0:01:16]} 32. Qxe8+
{[%clk 0:38:14]} Kxe8 {[%clk 0:01:45]} 33. Nc7+ {[%clk 0:38:36]} Ke7
{[%clk 0:02:12]} 34. Nxe6 {[%clk 0:38:49]} fxe6 {[%clk 0:02:40]} 35. c3
{[%clk 0:39:13]} Rc8 {[%clk 0:02:58]} 36. Re4 {[%clk 0:39:35]} Rc5
{[%clk 0:00:57]} 37. h4 {[%clk 0:40:00]} a5 {[%clk 0:00:31]} 38. Rae1
{[%clk 0:40:26]} e5 {[%clk 0:00:58]} 39. f4 {[%clk 0:40:41]} Rd5 {[%clk 0:01:10]}
40. Rxe5+ {[%clk 0:40:57]} Rd2 {[%clk 0:00:57]} 1-0

[Event "Portugal Open 2018"]
[Site "Lisboa POR"]
[Date "2018.02.09"]
[Round "9.25"]
[White "Fidalgo, Andre Neves"]
[Black "Campora, Daniel H"]
[Result "1-0"]
[BlackElo "2426"]
[WhiteElo "2205"]
[LiveChessVersion "1.4.8"]

1. d4 {[%clk 1:30:42]} Nf6 {[%clk 1:30:54]} 2. Nf3 {[%clk 1:31:00]} d6
{[%clk 1:31:08]} 3. g3 {[%clk 1:30:46]} Nbd7 {[%clk 1:30:50]} 4. Bg2
{[%clk 1:30:52]} e5 {[%clk 1:31:06]} 5. c4 {[%clk 1:30:27]} Be7 {[%clk 1:31:04]}
6. O-O {[%clk 1:30:39]} O-O {[%clk 1:31:21]} 7. Nc3 {[%clk 1:30:26]} c6
{[%clk 1:31:17]} 8. dxe5 {[%clk 1:29:38]} dxe5 {[%clk 1:31:17]} 9. h3
{[%clk 1:29:56]} Re8 {[%clk 1:31:26]} 10. Be3 {[%clk 1:30:12]} Qc7
{[%clk 1:31:18]} 11. Qc2 {[%clk 1:30:23]} Bc5 {[%clk 1:29:08]} 12. Bxc5
{[%clk 1:30:31]} Nxc5 {[%clk 1:29:19]} 13. b4 {[%clk 1:30:45]} Ncd7
{[%clk 1:15:54]} 14. Nd2 {[%clk 1:26:02]} a5 {[%clk 1:14:55]} 15. a3
{[%clk 1:26:21]} axb4 {[%clk 0:50:48]} 16. axb4 {[%clk 1:26:13]} Rxa1
{[%clk 0:49:22]} 17. Rxa1 {[%clk 1:26:33]} c5 {[%clk 0:48:49]} 18. Nd5
{[%clk 0:47:32]} Qd6 {[%clk 0:48:01]} 19. b5 {[%clk 0:42:57]} Nb6
{[%clk 0:41:21]} 20. Nxb6 {[%clk 0:23:13]} Qxb6 {[%clk 0:41:41]} 21. Ne4
{[%clk 0:23:22]} Bf5 {[%clk 0:35:03]} 22. Rd1 {[%clk 0:18:57]} g6
{[%clk 0:18:55]} 23. Nxf6+ {[%clk 0:16:37]} Qxf6 {[%clk 0:19:20]} 24. Qc3
{[%clk 0:12:46]} b6 {[%clk 0:19:10]} 25. Qd2 {[%clk 0:06:58]} e4 {[%clk 0:17:02]}
26. Qd6 {[%clk 0:07:15]} Qb2 {[%clk 0:12:17]} 27. Qxb6 {[%clk 0:03:43]} Qxe2
{[%clk 0:12:38]} 28. Rd8 {[%clk 0:03:57]} Rxd8 {[%clk 0:12:22]} 29. Qxd8+
{[%clk 0:04:21]} Kg7 {[%clk 0:12:51]} 30. b6 {[%clk 0:04:29]} e3 {[%clk 0:13:00]}
31. fxe3 {[%clk 0:03:56]} Be4 {[%clk 0:12:28]} 32. Bxe4 {[%clk 0:03:50]} Qxe3+
{[%clk 0:12:54]} 33. Kh2 {[%clk 0:04:10]} Qxe4 {[%clk 0:13:21]} 34. Qd5
{[%clk 0:04:21]} Qc2+ {[%clk 0:13:43]} 35. Qg2 {[%clk 0:04:34]} Qb1
{[%clk 0:13:32]} 36. b7 {[%clk 0:04:36]} h5 {[%clk 0:13:06]} 37. h4
{[%clk 0:04:11]} f6 {[%clk 0:12:23]} 38. Qd5 {[%clk 0:02:58]} Qb2+
{[%clk 0:12:11]} 39. Kh3 {[%clk 0:02:26]} Qb1 {[%clk 0:12:32]} 40. Qd7+
{[%clk 0:01:49]} Kh6 {[%clk 0:12:21]} 41. Qd2+ {[%clk 0:02:12]} g5
{[%clk 0:12:46]} 42. hxg5+ {[%clk 0:02:25]} fxg5 {[%clk 0:11:43]} 43. Qg2
{[%clk 0:01:20]} Qb6 {[%clk 0:11:36]} 44. Qd5 {[%clk 0:01:24]} Qb1
{[%clk 0:11:45]} 45. Kh2 {[%clk 0:00:48]} Qb2+ {[%clk 0:12:06]} 46. Kg1
{[%clk 0:00:54]} Qb6 {[%clk 0:11:56]} 47. Kf2 {[%clk 0:00:59]} Kg6
{[%clk 0:12:00]} 48. Qd7 {[%clk 0:00:50]} Kf6 {[%clk 0:12:04]} 49. Qb5
{[%clk 0:01:11]} Qd6 {[%clk 0:12:12]} 50. Qb2+ {[%clk 0:01:27]} 1-0

[Event "Portugal Open 2018"]
[Site "Lisboa POR"]
[Date "2018.02.09"]
[Round "9.26"]
[White "Yurtseven, Melih"]
[Black "Sousa, Ludy Helsio Paulo"]
[Result "1/2-1/2"]
[BlackElo "2165"]
[WhiteElo "2415"]
[LiveChessVersion "1.4.8"]

1. Nf3 {[%clk 1:30:57]} Nf6 {[%clk 1:26:37]} 2. c4 {[%clk 1:31:20]} d6
{[%clk 1:26:15]} 3. d4 {[%clk 1:31:43]} g6 {[%clk 1:26:37]} 4. Nc3
{[%clk 1:32:09]} Bg7 {[%clk 1:26:52]} 5. e4 {[%clk 1:32:33]} O-O {[%clk 1:27:16]}
6. Be2 {[%clk 1:32:59]} e5 {[%clk 1:27:38]} 7. d5 {[%clk 1:33:22]} Nh5
{[%clk 1:26:26]} 8. Nd2 {[%clk 1:29:47]} Nf4 {[%clk 1:25:50]} 9. Bf1
{[%clk 1:30:07]} f5 {[%clk 1:25:44]} 10. g3 {[%clk 1:30:16]} Nh5 {[%clk 1:25:52]}
11. exf5 {[%clk 1:30:38]} Qf6 {[%clk 1:24:25]} 12. Nce4 {[%clk 1:24:36]} Qxf5
{[%clk 1:24:20]} 13. h4 {[%clk 1:24:16]} Bh6 {[%clk 1:21:07]} 14. Qe2
{[%clk 1:22:40]} Qg4 {[%clk 1:17:41]} 15. Qxg4 {[%clk 1:17:02]} Bxg4
{[%clk 1:18:08]} 16. Bg2 {[%clk 1:15:51]} a5 {[%clk 1:16:09]} 17. c5
{[%clk 1:13:33]} Na6 {[%clk 1:09:21]} 18. cxd6 {[%clk 1:12:59]} Nb4
{[%clk 1:09:37]} 19. O-O {[%clk 1:13:26]} Nc2 {[%clk 1:06:11]} 20. Rb1
{[%clk 1:10:43]} cxd6 {[%clk 1:05:24]} 21. Nc4 {[%clk 1:06:35]} Bxc1
{[%clk 0:55:52]} 22. Rfxc1 {[%clk 1:05:20]} Nd4 {[%clk 0:56:07]} 23. Kh1
{[%clk 1:04:59]} Be2 {[%clk 0:51:37]} 24. b3 {[%clk 1:00:10]} Bd3
{[%clk 0:49:14]} 25. Rb2 {[%clk 1:00:33]} Bxe4 {[%clk 0:49:21]} 26. Bxe4
{[%clk 1:01:00]} Nf6 {[%clk 0:41:59]} 27. Bg2 {[%clk 0:59:38]} Ra6
{[%clk 0:37:21]} 28. Ne3 {[%clk 0:56:55]} Raa8 {[%clk 0:37:16]} 29. Bh3
{[%clk 0:55:38]} Ne4 {[%clk 0:37:07]} 30. Kg2 {[%clk 0:55:05]} Nc5
{[%clk 0:37:26]} 31. Rd1 {[%clk 0:53:25]} b5 {[%clk 0:36:08]} 32. Nc2
{[%clk 0:43:04]} Nxc2 {[%clk 0:31:34]} 33. Rxc2 {[%clk 0:42:45]} b4
{[%clk 0:30:25]} 34. Rxc5 {[%clk 0:27:42]} dxc5 {[%clk 0:30:27]} 35. Bd7
{[%clk 0:27:47]} Rf6 {[%clk 0:25:36]} 36. Bc6 {[%clk 0:18:25]} Raf8
{[%clk 0:24:19]} 37. Rd2 {[%clk 0:18:53]} Kf7 {[%clk 0:24:27]} 38. Re2
{[%clk 0:18:33]} Kg7 {[%clk 0:23:44]} 39. Kg1 {[%clk 0:16:15]} h5
{[%clk 0:18:49]} 40. Bb5 {[%clk 0:13:18]} e4 {[%clk 0:18:23]} 41. Rxe4
{[%clk 0:03:55]} Rxf2 {[%clk 0:18:46]} 42. d6 {[%clk 0:04:18]} Rd2
{[%clk 0:07:54]} 43. d7 {[%clk 0:04:20]} Rd1+ {[%clk 0:08:01]} 44. Kg2
{[%clk 0:04:41]} Rd2+ {[%clk 0:08:29]} 45. Kg1 {[%clk 0:05:04]} Rd1+
{[%clk 0:08:57]} 46. Kg2 {[%clk 0:05:27]} Rd2+ {[%clk 0:07:50]} 1/2-1/2

[Event "Portugal Open 2018"]
[Site "Lisboa POR"]
[Date "2018.02.09"]
[Round "9.27"]
[White "Luch, Michal"]
[Black "Reis, Luis Sousa"]
[Result "1-0"]
[BlackElo "2141"]
[WhiteElo "2396"]
[LiveChessVersion "1.4.8"]

1. d4 {[%clk 1:30:58]} Nc6 {[%clk 1:27:45]} 2. d5 {[%clk 1:30:24]} Ne5
{[%clk 1:27:12]} 3. e4 {[%clk 1:24:43]} e6 {[%clk 1:24:31]} 4. f4
{[%clk 1:22:35]} Bc5 {[%clk 1:21:11]} 5. dxe6 {[%clk 1:17:49]} Nh6
{[%clk 1:03:46]} 6. Qh5 {[%clk 1:13:00]} Bxg1 {[%clk 0:33:54]} 7. fxe5
{[%clk 1:13:17]} Bf2+ {[%clk 0:28:40]} 8. Kxf2 {[%clk 1:13:05]} O-O
{[%clk 0:26:21]} 9. Bg5 {[%clk 1:11:24]} f6 {[%clk 0:19:56]} 10. exf6
{[%clk 1:11:39]} Rxf6+ {[%clk 0:14:25]} 11. Bxf6 {[%clk 1:12:03]} Qxf6+
{[%clk 0:14:41]} 12. Ke1 {[%clk 1:12:26]} 1-0

[Event "Portugal Open 2018"]
[Site "Lisboa POR"]
[Date "2018.02.09"]
[Round "9.28"]
[White "Haria, Ravi"]
[Black "Gonzalez Pruneda, Arturo"]
[Result "1/2-1/2"]
[BlackElo "2126"]
[WhiteElo "2376"]
[LiveChessVersion "1.4.8"]

1. e4 {[%clk 1:26:56]} c5 {[%clk 1:30:49]} 2. Nf3 {[%clk 1:27:19]} e6
{[%clk 1:31:13]} 3. b3 {[%clk 1:27:39]} d5 {[%clk 1:24:03]} 4. exd5
{[%clk 1:25:32]} exd5 {[%clk 1:24:31]} 5. Bb2 {[%clk 1:23:32]} d4
{[%clk 1:14:23]} 6. Bb5+ {[%clk 1:18:35]} Bd7 {[%clk 1:13:09]} 7. Bxd7+
{[%clk 1:18:44]} Qxd7 {[%clk 1:10:27]} 8. O-O {[%clk 1:18:02]} Nc6
{[%clk 1:09:57]} 9. c3 {[%clk 1:13:07]} Nf6 {[%clk 1:04:33]} 10. cxd4
{[%clk 1:11:11]} cxd4 {[%clk 1:04:44]} 11. Na3 {[%clk 1:11:07]} Be7
{[%clk 0:58:40]} 12. d3 {[%clk 1:08:53]} O-O {[%clk 0:58:38]} 13. Nc2
{[%clk 1:05:17]} Bc5 {[%clk 0:56:37]} 14. Qd2 {[%clk 1:04:48]} Qd6
{[%clk 0:52:54]} 15. a3 {[%clk 0:54:26]} a5 {[%clk 0:47:16]} 16. Qg5
{[%clk 0:51:42]} Rad8 {[%clk 0:42:40]} 17. Rab1 {[%clk 0:45:28]} Qd5
{[%clk 0:24:50]} 18. Qd2 {[%clk 0:35:19]} b5 {[%clk 0:24:10]} 19. b4
{[%clk 0:28:39]} axb4 {[%clk 0:23:50]} 20. Nxb4 {[%clk 0:28:48]} Nxb4
{[%clk 0:23:34]} 21. axb4 {[%clk 0:29:09]} Bb6 {[%clk 0:23:44]} 22. Rfc1
{[%clk 0:28:18]} Qd6 {[%clk 0:09:48]} 23. Qg5 {[%clk 0:25:15]} Qd7
{[%clk 0:08:28]} 24. Qh4 {[%clk 0:15:51]} h6 {[%clk 0:08:20]} 25. Ne5
{[%clk 0:13:55]} Qd6 {[%clk 0:05:12]} 26. Nf3 {[%clk 0:06:08]} Rfe8
{[%clk 0:05:21]} 27. Qg3 {[%clk 0:05:53]} Qd5 {[%clk 0:04:46]} 28. Nd2
{[%clk 0:05:14]} Re2 {[%clk 0:03:45]} 29. Rc2 {[%clk 0:05:03]} Rde8
{[%clk 0:03:40]} 30. Ne4 {[%clk 0:02:40]} R8xe4 {[%clk 0:02:24]} 31. dxe4
{[%clk 0:02:28]} Qxe4 {[%clk 0:02:19]} 32. Rcc1 {[%clk 0:02:28]} d3
{[%clk 0:01:58]} 33. Bxf6 {[%clk 0:00:41]} Bxf2+ {[%clk 0:02:01]} 34. Qxf2
{[%clk 0:01:00]} Rxf2 {[%clk 0:02:24]} 35. Kxf2 {[%clk 0:00:58]} Qe2+
{[%clk 0:01:06]} 36. Kg1 {[%clk 0:01:17]} gxf6 {[%clk 0:01:23]} 37. Re1
{[%clk 0:01:32]} Qc2 {[%clk 0:01:45]} 38. Rec1 {[%clk 0:01:09]} Qe2
{[%clk 0:02:07]} 39. Re1 {[%clk 0:01:33]} Qc2 {[%clk 0:02:31]} 40. Rec1 1/2-1/2

[Event "Portugal Open 2018"]
[Site "Lisboa POR"]
[Date "2018.02.09"]
[Round "9.29"]
[White "Rocha, Sergio"]
[Black "Cruz, Jorge Filipe Egas Da"]
[Result "1-0"]
[BlackElo "2113"]
[WhiteElo "2371"]
[LiveChessVersion "1.4.8"]

1. d4 {[%clk 1:30:58]} Nf6 {[%clk 1:30:49]} 2. Nf3 {[%clk 1:31:24]} e6
{[%clk 1:30:28]} 3. c4 {[%clk 1:31:48]} d5 {[%clk 1:30:38]} 4. Nc3
{[%clk 1:32:01]} Be7 {[%clk 1:30:36]} 5. Bf4 {[%clk 1:32:22]} O-O
{[%clk 1:29:57]} 6. e3 {[%clk 1:32:47]} b6 {[%clk 1:29:07]} 7. Qc2
{[%clk 1:32:26]} Bb7 {[%clk 1:27:27]} 8. cxd5 {[%clk 1:32:45]} exd5
{[%clk 1:27:41]} 9. Be2 {[%clk 1:30:23]} c5 {[%clk 1:19:34]} 10. dxc5
{[%clk 1:29:41]} bxc5 {[%clk 1:19:04]} 11. O-O {[%clk 1:29:59]} Nbd7
{[%clk 1:17:15]} 12. Rfd1 {[%clk 1:29:16]} Qa5 {[%clk 1:09:50]} 13. Qf5
{[%clk 1:23:40]} Rac8 {[%clk 1:04:00]} 14. Ng5 {[%clk 1:18:30]} h6
{[%clk 0:57:40]} 15. Nge4 {[%clk 1:04:11]} Qb6 {[%clk 0:44:00]} 16. Ng3
{[%clk 1:03:25]} Rfd8 {[%clk 0:38:46]} 17. Qh3 {[%clk 1:01:43]} Bf8
{[%clk 0:32:32]} 18. Nf5 {[%clk 1:00:18]} Qxb2 {[%clk 0:22:40]} 19. Rab1
{[%clk 0:55:16]} Qxc3 {[%clk 0:22:54]} 20. Rxb7 {[%clk 0:55:38]} Qc2
{[%clk 0:22:25]} 21. Bf3 {[%clk 0:54:51]} Qxa2 {[%clk 0:16:14]} 22. Qg3
{[%clk 0:51:51]} Kh8 {[%clk 0:16:13]} 23. Bd6 {[%clk 0:50:19]} Ne8
{[%clk 0:14:38]} 24. Bxf8 {[%clk 0:46:07]} Nxf8 {[%clk 0:15:03]} 25. Rxf7
{[%clk 0:46:23]} Ne6 {[%clk 0:15:12]} 26. Qg6 {[%clk 0:45:05]} Qc2
{[%clk 0:14:05]} 27. Qxe6 {[%clk 0:45:06]} 1-0